| LEADER |
00791nam0a2200217 450 |
| 001 |
16823939 |
| 010 |
|
|
|a 978-2-7470-5689-2
|b br.
|d 7,2
|
| 100 |
|
|
|a 20151022d2026 u u0frey01 ba
|
| 101 |
0 |
|
|a fre
|
| 102 |
|
|
|a FR
|
| 200 |
0 |
|
|a monstre du Loch Ness (Le)
|f Anouk Journo-Durey
|g illustrations de Nancy PeÄna
|
| 207 |
|
1 |
|a
|
| 210 |
|
|
|a [Paris]
|c Bayard poche
|d DL 2015
|
| 215 |
|
|
|a 1 vol. (76 p.)
|c ill.
|d 19 cm
|
| 225 |
1 |
|
|a (Les )grandes énigmes de l'histoire
|
| 300 |
|
|
|a En appendice, choix de documents,En appendice, choix de documents
|
| 700 |
|
0 |
|a Journo-Durey
|b Anouk
|f 1962-....
|4 70
|
| 702 |
|
0 |
|a PeÄna
|b Nancy
|f 1979-....
|4 440
|
| 900 |
|
|
|a Roman enfant
|
| 901 |
|
|
|a Accessible au prêt
|
| 995 |
|
|
|a Bibliothèque
|c Bibliothèque
|f 024016939
|h 024016939
|k E C3 JOU
|o p
|q j
|r az
|e Bibliothèque
|